000 00518 a2200145 4500
999 _c4545
_d4545
020 _a9780750708777
050 _aLC 213.3 EDU 2006
245 _aEducation, equality and human rights:
_b issues of gender, 'race', sexuality, disability and social class /
_c Edited by Cole, Mike
264 _aNew York:
_bRoutledge Palmer,
_c2000
300 _avi, 199p. :
_bill.
500 _aIncludes index
650 _aDiscrimination in education
_xEducational equalization
650 _aHuman rights
942 _2lcc
_cBK
_h213.3
_iEDU
_kLC